000 01851 a2200229 4500
003 Nust
005 20241018094008.0
010 _a 89016126
020 _a0132453258
040 _cNust
082 0 0 _a004.165,TRI
100 0 _aAvtar Singh,
_995144
245 1 4 _aThe 8086 and 80286 microprocessors :
_bhardware, software, and interfacing /
_cAvtar Singh, Walter A. Triebel.
260 _aEnglewood Cliffs, N.J. :
_bPrentice Hall,
_cc2007.
300 _axv, 560 p. :
_bill. ;
_c24 cm.
505 _aIntroduction to Microprocessors and Microcomputers (Page-1), Software Architecture of the 8088 and 8086 Microprocessors (Page-13), Assembly Language Programming (Page-42), Machine Language Coding and the Debug Software Developments Program of the PC (Page-84), 8088/8086 Programming Integer Instruction and Competent (Page-136), 8088/8086 Programming Control Flow Instruction and Program Structures (Page-200)Assembly Language Program Development with MASM (Page-266) The 8088 and 8086 Pin Configuration and Their Memory and Input / Output Interfaces (Page-315) Memory Devices Circuits and Subsystems Design (Page-372), Input /Output Interfacing Circuits and LSI Peripheral Devices (Page-425), Interrupt Interface of the 8088 and 8086 Microprocessor (Page-530), Real Modes Software and Hardware Architecture of the 80286 Microprocessor (Page-574), The 80386 and 80486 and Pentium Processors Families Software Architecture (Page-621), The 80386, 80486 and Pentium Processor Families Hardware Architecture (Page-715), Connecting Assembly Languages To C (Page-808).
650 0 _aIntel 80286 (Microprocessor)
_995145
650 0 _aIntel 8086 (Microprocessor)
_995146
700 1 _aTriebel, Walter A.
_981551
740 0 _aEight thousand eighty-six and eighty thousand two hundred eighty-six microprocessors.
942 _2ddc
_cBK
_k004.165,TRI
999 _c176156
_d176156